Statistics for Countries Closest to South Africa by first two letters

Click here to take the quiz!

General Stats

  • This quiz has been taken 110 times
  • The average score is 17 of 22

Answer Stats

kmcountrymiles% Correct
0Lesotho0
95%
1170Madagascar727
92%
707Malawi440
92%
2637Mauritius1639
92%
965Dem Rep Congo600
89%
0Namibia0
89%
0Botswana0
87%
0Eswatini0
87%
2282Congo1418
86%
0Zimbabwe0
85%
517Zambia322
84%
1724Comoros1071
81%
750Angola466
80%
0Mozambique0
77%
2148Kenya1335
73%
1263Tanzania785
73%
2147Rwanda1334
71%
1966Burundi1221
67%
2148Seychelles1334
65%
2298Uganda1428
65%
2560Somalia1590
59%
2504Gabon1556
47%

Score Distribution

Percentile by Number Answered

Percent of People with Each Score

Your Score History

You have not taken this quiz